000 00305nam a22001337a 4500
020 _a81-286-0424-4
082 _a823
_bBLY/N
100 _aENID BLYTON
245 _aNODDY AND THE TESSIE BEAR
260 _aMUMBAI
_bEURO BOOKS
300 _a60
650 _aCHILDRENS STORY BOOK
_vORIGINAL CLASSICS
942 _cBK
999 _c73
_d73